Reflexoes sobre a arte /
Guardado en:
| Autor principal: | |
|---|---|
| Formato: | Desconocido |
| Lenguaje: | Portuguese |
| Publicado: |
Sao Paulo, Brasil :
Editora Atica,
1986.
|
| Edición: | 2. edición |
| Colección: | (Serie Fundamentos ;
8) |
| Materias: | |
| Etiquetas: |
Agregar Etiqueta
Sin Etiquetas, Sea el primero en etiquetar este registro!
|
MARC
| LEADER | 000000000a22000000004500 | ||
|---|---|---|---|
| 001 | 009729 | ||
| 020 | |a 8508007108 | ||
| 041 | 0 | |a por | |
| 082 | 0 | 4 | |a 701 |b B743r2 |
| 100 | 1 | |a Bosi, Alfredo | |
| 245 | 1 | 0 | |a Reflexoes sobre a arte / |c Alfredo Bosi. |
| 250 | |a 2. edición | ||
| 260 | 1 | |a Sao Paulo, Brasil : |b Editora Atica, |c 1986. | |
| 300 | |a 80 páginas | ||
| 490 | 1 | |a (Serie Fundamentos ; |v 8) | |
| 500 | |a Colección G. Yúdice | ||
| 650 | 4 | |a ARTE | |
| 650 | 4 | |a ESTETICA | |
| 999 | |c 15813 |d 15813 | ||
| 942 | |c BK |h 701 B743r2 |2 z | ||



